000 01232cam a22003375a 4500
001 16354395
005 20160526112347.0
008 100729t2010 nyua frbdf 001 0 eng d
020 _a0764162691
020 _a9780764162695
040 _aDLC
_cDLC
_dYDX
_dCDX
_dBKL
_dNPL
_dYDXCP
_dDLC
_dEG-ScBUE
_beng
082 0 4 _a332.678
_222
_bDOW
100 1 _aDownes, John,
_d1936-
_940088
245 1 0 _aFinance & investment handbook /
_cJohn Downes, Jordan Elliot Goodman.
246 3 _aFinance and investment handbook
250 _a8th ed.
260 _aHauppauge :
_bBarron's Educational Series,
_cc.2010.
300 _axii, 1152 p. :
_bill. ;
_c24 cm.
500 _aRev. ed. of: Barron's finance & investment handbook. 7th ed. c2007.
500 _aIndex : p. [1141]-1152.
504 _aIncludes bibliographical references.
650 0 _aFinance
_vHandbooks, manuals, etc.
_2BUEsh
_936830
650 0 _aInvestments
_vHandbooks, manuals, etc.
_2BUEsh
650 7 _aFinance
_vDictionaries.
_2BUEsh
_919576
650 0 _aInvestments
_vDictionaries.
_2BUEsh
651 _2BUEsh
653 _bBUSADM
_cMay2016
700 1 _aGoodman, Jordan Elliot.
700 1 _aDownes, John,
_d1936-
_tBarron's finance & investment handbook.
942 _2ddc
999 _c21815
_d21787